Dawid Podsiadło - Małomiasteczkowy (album) - Statystyki

Ogólne statystyki
  • Ten quiz został rozwiązany 275 razy
  • Średni wynik to 8 z 10
Statystyki odpowiedzi
Utwory % Poprawnych
Małomiasteczkowy
97%
Matylda
86%
Dżins
82%
Nie ma fal
82%
Trofea
82%
Nie Kłami
77%
LIS
76%
Najnowszy Klip
72%
Co Mówimy?
66%
Cantate Tutti
52%
Nie znaleziono quizów pasujących do podanych kryteriów
Rozkład punktacji
Procent ludzi z każdym wynikiem
Percentyl według liczby udzielonych odpowiedzi
Twoja historia wyników
Nie rozwiązałeś tego quizu